000 00564nam a2200229Ia 4500
003 OSt
005 20221005132811.0
006 a|||||r|||| 00| 0
007 ta
008 221004b |||||||| |||| 00| 0 kan d
024 _a45683
037 _cTextual
040 _aCRL
_cCRL
_bkan
041 _2kan
_akan
082 _aQ1, 33K8
100 _aAnantarangachar Au.
_9641672
245 0 _aVaidika sahitya charitre
260 _c1968
650 _aRELIGION
942 _hQ1, 33K8
_cTEXL
_2cc
999 _c1064854
_d1064854